O'Neill tragédiafelfogása a kortársi elméletek tükrében

Elmentve itt :
Bibliográfiai részletek
Szerző: Szabó Klára
További közreműködők: Vajda György Mihály (Témavezető)
Dokumentumtípus: Disszertáció
Megjelent: 1979
Tárgyszavak:
mtmt:31239048
Online Access:http://doktori.ek.szte.hu/3582
LEADER 00682nta a2200193 i 4500
001 dokt3582
005 20240903112521.0
008 170121s1979 hu om 000 hun d
024 7 |a 31239048  |2 mtmt 
040 |a SZTE Doktori Repozitórium  |b hun 
041 |a hun 
100 1 |a Szabó Klára 
245 1 0 |a O'Neill tragédiafelfogása a kortársi elméletek tükrében  |h [elektronikus dokumentum] /  |c  Szabó Klára 
260 |c 1979 
502 |a Disszertacio 
650 4 |a irodalom- és kultúra tudományok 
650 4 |a Általános irodalomtudományok 
700 0 1 |a Vajda György Mihály  |e ths 
856 4 0 |u https://doktori.bibl.u-szeged.hu/id/eprint/3582/1/1979_szabo_klara.pdf  |z Dokumentum-elérés